000 00647nam a2200229Ia 4500
003 OSt
005 20220918194418.0
006 a|||||r|||| 00| 0
007 ta
008 220917b |||||||| |||| 00| 0 eng d
024 _a79,281
037 _cTextual
040 _aARTS
_cARTS
_beng
041 _2eng
_aeng
082 _aS:f:(R), M2
100 _aSchuler Heinz
_984769
245 0 _aEthical problems in psychological research tr by margaret S Woodruff and Robert A Wicklund
260 _aN.Y
_bAcademic Press
_c1982
650 _aPSYCHOLOGY
942 _hS:f:(R), M2
_cTEXL
_2CC
999 _c203007
_d203007